[Event "World Youth U-16 Olympiad 2018"]
[Site "Konya"]
[Date "2018.11.26"]
[Round "2"]
[White "Baidetskyi, Valentin"]
[Black "Mladek, Richard"]
[Result "1/2-1/2"]
[WhiteElo "2398"]
[BlackElo "2312"]
[Annotator "RC"]
[PlyCount "74"]
[EventDate "2018.11.25"]
[EventType "team-tourn"]
[EventCountry "TUR"]
[SourceTitle "playchess.com"]
[Source "ChessBase"]
[SourceQuality "1"]
[WhiteTeam "Ukraine"]
[BlackTeam "Czech Republic"]
[WhiteTeamCountry "UKR"]
[BlackTeamCountry "CZE"]

1. e4 c5 2. Nf3 d6 3. d4 cxd4 4. Qxd4 Nc6 5. Bb5 Bd7 6. Qd3 g6 7. O-O Bg7 8. c4 Nf6 9. Nc3 O-O 10. h3 a6 11. Bxc6 Bxc6 12. Nd4 Nd7 13. Be3 a5 14. Rfd1 a4 15. b4 axb3 16. axb3 Nc5 17. Qc2 Qb6 18. Rab1 Qb4 19. Bd2 Qb6 20. Ndb5 f5 21. exf5 gxf5 22. b4 Ne4 23. Be3 Qd8 24. f3 f4 25. Nxe4 fxe3 26. Ng5 Rf6 27. Qxh7+ Kf8 28. Nd4 Bd7 29. Qe4 e5 30. Nh7+ Kg8 31. Nxf6+ Qxf6 32. Ne2 Ra2 33. Nc3 Bf5 34. Qd5+ Be6 35. Qxd6 Rxg2+ 36. Kxg2 Bxh3+ 37. Kxh3 Qxf3+ 1/2-1/2

[Event "World Youth U-16 Olympiad 2018"]
[Site "Konya"]
[Date "2018.11.26"]
[Round "2"]
[White "Badelka, Olga"]
[Black "Jakab, Bela"]
[Result "1-0"]
[WhiteElo "2390"]
[BlackElo "2290"]
[Annotator "TA"]
[PlyCount "83"]
[EventDate "2018.11.25"]
[EventType "team-tourn"]
[EventCountry "TUR"]
[SourceTitle "playchess.com"]
[Source "ChessBase"]
[SourceQuality "1"]
[WhiteTeam "Belarus"]
[BlackTeam "Slovakia"]
[WhiteTeamCountry "BLR"]
[BlackTeamCountry "SVK"]

1. d4 d5 2. c4 c6 3. Nf3 Nf6 4. Nc3 a6 5. c5 g6 6. Bf4 Bg7 7. e3 O-O 8. h3 Ne4 9. Nxe4 dxe4 10. Nd2 f5 11. Bc4+ Kh8 12. h4 h6 13. f3 e5 14. Bxe5 Bxe5 15. dxe5 Nd7 16. h5 g5 17. fxe4 Nxc5 18. O-O f4 19. b4 Ne6 20. Bxe6 Bxe6 21. exf4 gxf4 22. Nf3 Bg4 23. Qd6 Qxd6 24. exd6 Bxh5 25. e5 Bxf3 26. Rxf3 Rae8 27. Re1 Re6 28. g3 Rg8 29. Rxf4 Rxg3+ 30. Kf2 Rd3 31. Ree4 Rd2+ 32. Ke3 Rd5 33. Rf5 Kh7 34. Rd4 Rexe5+ 35. Rxe5 Rxe5+ 36. Kf4 Re8 37. d7 Rd8 38. Ke5 b6 39. Kd6 c5 40. bxc5 bxc5 41. Rd1 h5 42. Ke7 1-0

[Event "World Youth U-16 Olympiad 2018"]
[Site "Konya"]
[Date "2018.11.26"]
[Round "2"]
[White "Gorshtein, Ido"]
[Black "Thilakarathne, G M H"]
[Result "1/2-1/2"]
[WhiteElo "2390"]
[BlackElo "2346"]
[Annotator "TA"]
[PlyCount "38"]
[EventDate "2018.11.25"]
[EventType "team-tourn"]
[EventCountry "TUR"]
[SourceTitle "playchess.com"]
[Source "ChessBase"]
[SourceQuality "1"]
[WhiteTeam "Israel"]
[BlackTeam "Sri Lanka"]
[WhiteTeamCountry "ISR"]
[BlackTeamCountry "SRI"]

1. e4 c5 2. Ne2 e6 3. Nbc3 Nc6 4. d4 cxd4 5. Nxd4 Qc7 6. f4 a6 7. Nxc6 bxc6 8. Bd3 d5 9. O-O Nf6 10. Qe2 Be7 11. Bd2 O-O 12. Rae1 Re8 13. Kh1 Bf8 14. Qf2 a5 15. e5 Nd7 16. Qh4 g6 17. Rf3 Qd8 18. Qxd8 Rxd8 19. Na4 Bb7 1/2-1/2

[Event "World Youth U-16 Olympiad 2018"]
[Site "Konya"]
[Date "2018.11.26"]
[Round "2"]
[White "Degraeve, Remy"]
[Black "Can, Isik"]
[Result "0-1"]
[WhiteElo "2384"]
[BlackElo "2382"]
[Annotator "TA"]
[PlyCount "88"]
[EventDate "2018.11.25"]
[EventType "team-tourn"]
[EventCountry "TUR"]
[SourceTitle "playchess.com"]
[Source "ChessBase"]
[SourceQuality "1"]
[WhiteTeam "France"]
[BlackTeam "Turkey"]
[WhiteTeamCountry "FRA"]
[BlackTeamCountry "TUR"]

1. e4 c6 2. d4 d5 3. e5 Bf5 4. Nf3 e6 5. Be2 c5 6. Be3 Qb6 7. Nc3 Nc6 8. O-O Qxb2 9. Qe1 cxd4 10. Bxd4 Nxd4 11. Nxd4 Bb4 12. Rb1 Bxc3 13. Rxb2 Bxe1 14. Rxe1 b6 15. Nb5 Kf8 16. c4 Ne7 17. g4 Be4 18. f3 Bg6 19. Rc1 h5 20. h3 Kg8 21. c5 Rc8 22. Nxa7 Rc7 23. Nb5 Rxc5 24. Ra1 Nc6 25. f4 hxg4 26. hxg4 Be4 27. Kf2 Rh2+ 28. Ke3 Na5 29. Nd6 Rc3+ 30. Kd4 Rch3 31. Rxb6 Rxe2 32. Rc1 Rxa2 33. Rb8+ Kh7 34. Nxf7 Nb3+ 35. Rxb3 Rxb3 36. Ng5+ Kg6 37. Nxe6 Ra4+ 38. Kc5 Kf7 39. Ng5+ Ke7 40. f5 Rb8 41. Nxe4 dxe4 42. Re1 Rc8+ 43. Kd5 Rd8+ 44. Kc5 Ra5+ 0-1

[Event "World Youth U-16 Olympiad 2018"]
[Site "Konya"]
[Date "2018.11.26"]
[Round "2"]
[White "Pogosyan, Stefan"]
[Black "Golsta, Madara"]
[Result "1-0"]
[WhiteElo "2381"]
[BlackElo "1938"]
[Annotator "RC"]
[PlyCount "73"]
[EventDate "2018.11.25"]
[EventType "team-tourn"]
[EventCountry "TUR"]
[SourceTitle "playchess.com"]
[Source "ChessBase"]
[SourceQuality "1"]
[WhiteTeam "Russia"]
[BlackTeam "Latvia"]
[WhiteTeamCountry "RUS"]
[BlackTeamCountry "LAT"]

1. d4 Nf6 2. c4 g6 3. Nc3 Bg7 4. e4 d6 5. Nf3 O-O 6. Be2 e5 7. O-O a5 8. dxe5 dxe5 9. Qxd8 Rxd8 10. Nxe5 Nxe4 11. Nxe4 Bxe5 12. Bg5 Re8 13. Bf6 Nd7 14. Bxe5 Rxe5 15. Bf3 Nc5 16. Nf6+ Kg7 17. Nd5 Na6 18. Rfe1 Rxe1+ 19. Rxe1 Be6 20. Nf4 Nc5 21. Re5 Nd7 22. Nxe6+ fxe6 23. Rxe6 Kf8 24. Bxb7 Rb8 25. Bc6 Rxb2 26. h4 Nc5 27. Re8+ Kf7 28. Re5 Nd3 29. Rxa5 Nxf2 30. Bf3 Nd3 31. Rd5 Nf4 32. Rd7+ Kg8 33. Rxc7 Rxa2 34. c5 Rc2 35. c6 Nd3 36. Rb7 Kf8 37. c7 1-0

[Event "World Youth U-16 Olympiad 2018"]
[Site "Konya"]
[Date "2018.11.26"]
[Round "2"]
[White "Ibrahimli, Murad"]
[Black "Dhevcharran, Kahill"]
[Result "1-0"]
[WhiteElo "2379"]
[BlackElo "1561"]
[Annotator "TA"]
[PlyCount "75"]
[EventDate "2018.11.25"]
[EventType "team-tourn"]
[EventCountry "TUR"]
[SourceTitle "playchess.com"]
[Source "ChessBase"]
[SourceQuality "1"]
[WhiteTeam "Azerbaijan"]
[BlackTeam "South Africa"]
[WhiteTeamCountry "AZE"]
[BlackTeamCountry "RSA"]

1. d4 d5 2. Nf3 Nf6 3. c4 c6 4. Nc3 a6 5. e3 b5 6. c5 Bg4 7. Be2 Nbd7 8. O-O Qc7 9. h3 Bxf3 10. Bxf3 e5 11. e4 dxe4 12. Nxe4 Rd8 13. Qe2 Be7 14. Re1 O-O 15. Nd6 e4 16. Nxe4 Rfe8 17. Be3 Nd5 18. Qc2 Nxe3 19. Rxe3 Nf6 20. Rd1 Nd5 21. Ree1 h6 22. g3 g6 23. Nd2 Bf6 24. Rxe8+ Rxe8 25. Bxd5 cxd5 26. Nf3 Qc8 27. Kg2 Re4 28. a4 b4 29. Qb3 Qb7 30. Rc1 Bxd4 31. c6 Qc7 32. Qxd5 Bxb2 33. Rc2 Be5 34. Qxe4 b3 35. Rd2 b2 36. Nxe5 b1=Q 37. Qxb1 Qxe5 38. Qc2 1-0

[Event "World Youth U-16 Olympiad 2018"]
[Site "Konya"]
[Date "2018.11.26"]
[Round "2"]
[White "Spyropoulos, Nikolaos"]
[Black "Di, Xu Wei"]
[Result "1-0"]
[WhiteElo "2378"]
[BlackElo "1947"]
[Annotator "TA"]
[PlyCount "137"]
[EventDate "2018.11.25"]
[EventType "team-tourn"]
[EventCountry "TUR"]
[SourceTitle "playchess.com"]
[Source "ChessBase"]
[SourceQuality "1"]
[WhiteTeam "Greece"]
[BlackTeam "Malaysia"]
[WhiteTeamCountry "GRE"]
[BlackTeamCountry "MAS"]

1. e4 c5 2. Nf3 d6 3. d4 cxd4 4. Nxd4 Nf6 5. Nc3 g6 6. Be3 Bg7 7. f3 O-O 8. Qd2 Nc6 9. O-O-O d5 10. exd5 Nxd5 11. Nxc6 bxc6 12. Bd4 e5 13. Bc5 Be6 14. Ne4 Re8 15. h4 Rb8 16. g4 f5 17. gxf5 gxf5 18. Nd6 Bf8 19. Rg1+ Kh8 20. c4 Bxd6 21. Qh6 Rb7 22. Bxd6 Qxd6 23. Rxd5 Qe7 24. Rxe5 Qf7 25. Bd3 Rbe7 26. Rge1 Bd7 27. Qd6 Re6 28. Rxe6 Rxe6 29. Rxe6 Bxe6 30. Qxc6 Kg7 31. Qd6 Qf6 32. Qf4 h6 33. Kc2 Kg6 34. Qg3+ Kf7 35. Qf2 Qe7 36. Qd4 Qb7 37. Qf4 Qc6 38. b3 Qc5 39. Qxh6 Qf2+ 40. Kc3 Qxa2 41. Qc1 Qa5+ 42. Kb2 Qe5+ 43. Qc3 Qh2+ 44. Bc2 Qxh4 45. c5 Qd8 46. Qe5 Qd7 47. f4 Qb7 48. Qd6 a5 49. Qb6 Qd5 50. Qxa5 Qd4+ 51. Qc3 Qxf4 52. c6 Ke7 53. b4 Qc4 54. Bb3 Qe2+ 55. Qc2 Qe5+ 56. Qc3 Qe2+ 57. Ka3 Bxb3 58. Kxb3 Kd8 59. Qd4+ Ke8 60. Qd7+ Kf8 61. Qxf5+ Ke7 62. Qc5+ Kd8 63. Qd5+ Ke8 64. b5 Qe3+ 65. Kb4 Qe1+ 66. Kc5 Qe3+ 67. Qd4 Qg3 68. Qd7+ Kf8 69. Qd6+ 1-0

[Event "World Youth U-16 Olympiad 2018"]
[Site "Konya"]
[Date "2018.11.26"]
[Round "2"]
[White "Lashkin, Jegor"]
[Black "Budisavljevic, Luka"]
[Result "1-0"]
[WhiteElo "2367"]
[BlackElo "2344"]
[Annotator "TA"]
[PlyCount "101"]
[EventDate "2018.11.25"]
[EventType "team-tourn"]
[EventCountry "TUR"]
[SourceTitle "playchess.com"]
[Source "ChessBase"]
[SourceQuality "1"]
[WhiteTeam "Moldova"]
[BlackTeam "Serbia"]
[WhiteTeamCountry "MDA"]
[BlackTeamCountry "SRB"]

1. Nf3 c5 2. c4 Nf6 3. Nc3 e6 4. g3 Nc6 5. Bg2 Be7 6. O-O O-O 7. d4 cxd4 8. Nxd4 a6 9. b3 Qc7 10. Bb2 d6 11. Rc1 Nxd4 12. Qxd4 Bd7 13. Rfd1 Rfd8 14. Ba3 Be8 15. Bb4 Rac8 16. a4 b6 17. Bf3 h6 18. h4 Bc6 19. Nd5 Bxd5 20. cxd5 Qxc1 21. Rxc1 Rxc1+ 22. Kg2 e5 23. Qxb6 Rcc8 24. Qe3 Rb8 25. Bd2 Rdc8 26. Qd3 Bd8 27. b4 a5 28. bxa5 Nd7 29. Qf5 Nf6 30. Qd3 Nd7 31. Qa6 Nf6 32. e4 Bc7 33. Qf1 Rb2 34. Bc3 Rb3 35. Qc4 Rbb8 36. Qe2 Bd8 37. Be1 Rc1 38. a6 Bb6 39. Bb4 Rbc8 40. Qb5 Ba7 41. Bd2 R1c2 42. Qd3 Ra2 43. Be3 Bxe3 44. Qxe3 Rxa4 45. Qb6 Ne8 46. Be2 Kf8 47. a7 Ra8 48. Ba6 Nc7 49. Qxd6+ Kg8 50. Qxc7 Rxa6 51. Qb8+ 1-0

[Event "World Youth U-16 Olympiad 2018"]
[Site "Konya"]
[Date "2018.11.26"]
[Round "2"]
[White "Kacharava, Nikolozi"]
[Black "Olsen, Filip Boe"]
[Result "1/2-1/2"]
[WhiteElo "2356"]
[BlackElo "2335"]
[Annotator "TA"]
[PlyCount "78"]
[EventDate "2018.11.25"]
[EventType "team-tourn"]
[EventCountry "TUR"]
[SourceTitle "playchess.com"]
[Source "ChessBase"]
[SourceQuality "1"]
[WhiteTeam "Georgia"]
[BlackTeam "Denmark"]
[WhiteTeamCountry "GEO"]
[BlackTeamCountry "DEN"]

1. e4 c6 2. d4 d5 3. Nd2 dxe4 4. Nxe4 Nd7 5. Ng5 Ngf6 6. Bd3 e6 7. N1f3 Bd6 8. Qe2 h6 9. Ne4 Nxe4 10. Qxe4 Qc7 11. O-O b6 12. Qg4 Kf8 13. b3 Bb7 14. Re1 Nf6 15. Qh3 Bb4 16. Rd1 Bc3 17. Rb1 c5 18. dxc5 bxc5 19. Bc4 Ne4 20. Ng5 Be5 21. Nxe4 Bxe4 22. Bd3 Bxd3 23. Rxd3 Kg8 24. Be3 Kh7 25. Rbd1 c4 26. bxc4 Qxc4 27. Qh5 Bf6 28. Qxf7 Rhf8 29. Qb7 Rab8 30. Qxa7 Qxc2 31. Qc5 Qxa2 32. g3 Rfd8 33. Rxd8 Rxd8 34. Rxd8 Bxd8 35. Kg2 Bf6 36. Bd4 Qa8+ 37. Kg1 Bxd4 38. Qxd4 Qf3 39. Qe5 Qf5 1/2-1/2

[Event "World Youth U-16 Olympiad 2018"]
[Site "Konya"]
[Date "2018.11.26"]
[Round "2"]
[White "Sankalp Gupta"]
[Black "Isik, Alparslan"]
[Result "1-0"]
[WhiteElo "2352"]
[BlackElo "2220"]
[Annotator "NA RC"]
[PlyCount "87"]
[EventDate "2018.11.25"]
[EventType "team-tourn"]
[EventCountry "TUR"]
[SourceTitle "playchess.com"]
[Source "ChessBase"]
[SourceQuality "1"]
[WhiteTeam "India"]
[BlackTeam "Turkey"]
[WhiteTeamCountry "IND"]
[BlackTeamCountry "TUR"]

1. e4 c5 2. Nf3 d6 3. d4 Nf6 4. Nc3 cxd4 5. Nxd4 a6 6. Bg5 e6 7. f4 Qc7 8. Qe2 Nbd7 9. O-O-O b5 10. a3 Bb7 11. g4 Be7 12. Bg2 Rc8 13. Bh4 h6 14. Be1 g5 15. h4 Rg8 16. hxg5 hxg5 17. f5 e5 18. Nb3 Nb6 19. Rh3 Nc4 20. Kb1 Bc6 21. Nd2 Nb6 22. Bf2 Qb7 23. Rdh1 Kd7 24. Rd1 Kc7 25. Bxb6+ Qxb6 26. Nd5+ Bxd5 27. exd5 Kd7 28. Rb3 Qd4 29. Ne4 Qc4 30. Rdd3 Qa4 31. Rb4 Qa5 32. Nd2 Rc7 33. c4 Rgc8 34. cxb5 axb5 35. Rdb3 Rc1+ 36. Ka2 R1c2 37. Bf3 e4 38. Bxe4 Nxe4 39. Qxe4 Bf6 40. Nf3 R2c4 41. Qd3 Rxb4 42. Rxb4 Rc5 43. Nd2 Qa8 44. Ne4 1-0

[Event "World Youth U-16 Olympiad 2018"]
[Site "Konya"]
[Date "2018.11.26"]
[Round "2"]
[White "Huang, Renjie"]
[Black "Engel, Luis"]
[Result "0-1"]
[WhiteElo "2322"]
[BlackElo "2459"]
[Annotator "TA"]
[PlyCount "108"]
[EventDate "2018.11.25"]
[EventType "team-tourn"]
[EventCountry "TUR"]
[SourceTitle "playchess.com"]
[Source "ChessBase"]
[SourceQuality "1"]
[WhiteTeam "China"]
[BlackTeam "Germany"]
[WhiteTeamCountry "CHN"]
[BlackTeamCountry "GER"]

1. e4 c5 2. Nf3 d6 3. d4 cxd4 4. Nxd4 Nf6 5. Nc3 a6 6. Bc4 e6 7. O-O Be7 8. Qf3 O-O 9. a3 b5 10. e5 dxe5 11. Ndxb5 e4 12. Nxe4 axb5 13. Nxf6+ Bxf6 14. Qxa8 Bd7 15. Bd5 exd5 16. Qxd5 Qc8 17. c3 Bc6 18. Qd3 Nd7 19. Bf4 Nc5 20. Qe3 Qf5 21. Rad1 Re8 22. Qg3 h5 23. Be3 h4 24. Qh3 Qxh3 25. gxh3 Nd7 26. Rd6 Ne5 27. f4 Be7 28. Rdd1 Nc4 29. Bd4 Nxb2 30. Rde1 Bxa3 31. Rxe8+ Bxe8 32. Kf2 Bd7 33. Rg1 g6 34. Ra1 Nc4 35. Bf6 Bxh3 36. Rd1 Bc5+ 37. Kf3 Bg4+ 38. Kxg4 Ne3+ 39. Kxh4 Nxd1 40. Kg5 Nf2 41. Bd8 Ne4+ 42. Kg4 Nxc3 43. f5 b4 44. Ba5 Nd5 45. Bxb4 gxf5+ 46. Kxf5 Bxb4 47. h4 Kg7 48. h5 Kh6 49. Ke5 Kxh5 50. Kxd5 f5 51. Kc4 f4 52. Kd3 Kg4 53. Ke2 f3+ 54. Kf2 Bc5+ 0-1

[Event "World Youth U-16 Olympiad 2018"]
[Site "Konya"]
[Date "2018.11.26"]
[Round "2"]
[White "Tanriverdi, Enes"]
[Black "Harutyunyan, Ruben"]
[Result "1-0"]
[WhiteElo "2317"]
[BlackElo "2344"]
[Annotator "TA"]
[PlyCount "79"]
[EventDate "2018.11.25"]
[EventType "team-tourn"]
[EventCountry "TUR"]
[SourceTitle "playchess.com"]
[Source "ChessBase"]
[SourceQuality "1"]
[WhiteTeam "Turkey"]
[BlackTeam "France"]
[WhiteTeamCountry "TUR"]
[BlackTeamCountry "FRA"]

1. d4 d5 2. c4 dxc4 3. Nf3 Nf6 4. e3 b5 5. a4 b4 6. Bxc4 e6 7. b3 Be7 8. Bb2 Bb7 9. Nbd2 O-O 10. O-O c5 11. Rc1 Nbd7 12. Qe2 Qa5 13. Bd3 cxd4 14. Bxd4 Rfc8 15. Bb5 Qd8 16. Ba6 Bxa6 17. Qxa6 Rxc1 18. Rxc1 e5 19. Ba1 Nc5 20. Qe2 e4 21. Nd4 Qd5 22. Nc4 Rd8 23. h3 h6 24. Rc2 Bf8 25. Na5 Rc8 26. Nb5 Qd8 27. Nxa7 Ra8 28. N7c6 Qd5 29. Bxf6 gxf6 30. Nxb4 Qe6 31. Nbc6 Nxb3 32. Nxb3 Qxb3 33. a5 Bd6 34. g3 Kf8 35. Rd2 Qa3 36. Qd1 Bc5 37. Rd7 Qa2 38. Qh5 Qb1+ 39. Kg2 Bxe3 40. Qxf7# 1-0

[Event "World Youth U-16 Olympiad 2018"]
[Site "Konya"]
[Date "2018.11.26"]
[Round "2"]
[White "Nogerbek, Kazybek"]
[Black "Baenziger, Fabian"]
[Result "1/2-1/2"]
[WhiteElo "2316"]
[BlackElo "2355"]
[Annotator "TA"]
[PlyCount "65"]
[EventDate "2018.11.25"]
[EventType "team-tourn"]
[EventCountry "TUR"]
[SourceTitle "playchess.com"]
[Source "ChessBase"]
[SourceQuality "1"]
[WhiteTeam "Kazakhstan"]
[BlackTeam "Switzerland"]
[WhiteTeamCountry "KAZ"]
[BlackTeamCountry "SUI"]

1. e4 c5 2. Nf3 Nc6 3. d4 cxd4 4. Nxd4 Nf6 5. Nc3 d6 6. Bg5 e6 7. Qd2 a6 8. O-O-O Bd7 9. f4 b5 10. Bxf6 gxf6 11. f5 Qb6 12. Nxc6 Bxc6 13. Kb1 O-O-O 14. Qf4 Qc5 15. fxe6 fxe6 16. Qxf6 Qe5 17. Qxe5 dxe5 18. Be2 h5 19. Rxd8+ Kxd8 20. Bf3 h4 21. Ne2 h3 22. Nc1 hxg2 23. Bxg2 Rh4 24. Nd3 Bg7 25. h3 Ke7 26. Re1 a5 27. a3 Kf6 28. Rf1+ Ke7 29. Re1 Kf6 30. Rf1+ Ke7 31. Re1 Kf6 32. Rf1+ Ke7 33. Re1 1/2-1/2

[Event "World Youth U-16 Olympiad 2018"]
[Site "Konya"]
[Date "2018.11.26"]
[Round "2"]
[White "Zhalmakhanov, Ramazan"]
[Black "Kreutzmann, Duke"]
[Result "1-0"]
[WhiteElo "2316"]
[BlackElo "2049"]
[Annotator "RC"]
[PlyCount "95"]
[EventDate "2018.11.25"]
[EventType "team-tourn"]
[EventCountry "TUR"]
[SourceTitle "playchess.com"]
[Source "ChessBase"]
[SourceQuality "1"]
[WhiteTeam "Kazakhstan"]
[BlackTeam "Switzerland"]
[WhiteTeamCountry "KAZ"]
[BlackTeamCountry "SUI"]

1. d4 e6 2. Nf3 Nf6 3. Bf4 c5 4. e3 Nc6 5. c3 d5 6. Nbd2 cxd4 7. exd4 Nh5 8. Be3 g6 9. Ne5 f6 10. Nd3 Bd6 11. g4 Ng7 12. Bg2 Qc7 13. c4 dxc4 14. Nxc4 Be7 15. Qb3 O-O 16. O-O Kh8 17. Qc3 Bd7 18. Rac1 Rac8 19. h3 g5 20. Nc5 b6 21. Nxd7 Bb4 22. Qb3 Qxd7 23. Bxc6 Qxc6 24. Qxb4 Qf3 25. Qd6 Qxh3 26. Qg3 Qh6 27. Nd6 Rcd8 28. Rc7 Qg6 29. Rfc1 e5 30. dxe5 fxe5 31. Qxe5 Rxd6 32. Rxg7 Qxg7 33. Qxd6 Kg8 34. Qd5+ Qf7 35. Qxg5+ Qg6 36. Qxg6+ hxg6 37. Rc7 Rf7 38. Rxf7 Kxf7 39. Kf1 Ke6 40. Ke2 Kd5 41. Kd3 Ke5 42. f4+ Kd5 43. a4 Kc6 44. Kc4 a6 45. b4 b5+ 46. axb5+ axb5+ 47. Kd4 Kd6 48. f5 1-0

[Event "World Youth U-16 Olympiad 2018"]
[Site "Konya"]
[Date "2018.11.26"]
[Round "2"]
[White "Gharibyan, Mamikon"]
[Black "Kadyrkulov, Saiid"]
[Result "1-0"]
[WhiteElo "2314"]
[BlackElo "1325"]
[Annotator "TA"]
[PlyCount "64"]
[EventDate "2018.11.25"]
[EventType "team-tourn"]
[EventCountry "TUR"]
[SourceTitle "playchess.com"]
[Source "ChessBase"]
[SourceQuality "1"]
[WhiteTeam "Armenia"]
[BlackTeam "Kyrgyzstan"]
[WhiteTeamCountry "ARM"]
[BlackTeamCountry "KGZ"]

1. Nf3 Nf6 2. c4 g6 3. b3 Bg7 4. Bb2 d6 5. e3 O-O 6. Be2 c5 7. d4 b6 8. O-O Nbd7 9. Nc3 a6 10. d5 Rb8 11. a4 Qc7 12. Qc2 e6 13. dxe6 fxe6 14. Ng5 Ne5 15. Rad1 h6 16. Nge4 Bb7 17. Nxf6+ Rxf6 18. Ne4 Bxe4 19. Qxe4 Rf7 20. Bxe5 Bxe5 21. Qxg6+ Kh8 22. Qxe6 Rg8 23. g3 Rf6 24. Qd5 Qg7 25. f4 Bc3 26. Bh5 Qd7 27. Bf3 Qh3 28. Bg2 Qg4 29. Rd3 Bb4 30. Qf3 Qf5 31. Rfd1 Qg6 32. Qe4 Re8 1-0

[Event "World Youth U-16 Olympiad 2018"]
[Site "Konya"]
[Date "2018.11.26"]
[Round "2"]
[White "Pajeken, Jakob Leon"]
[Black "Wang, Yanbin"]
[Result "0-1"]
[WhiteElo "2314"]
[BlackElo "2220"]
[Annotator "NA RC"]
[PlyCount "80"]
[EventDate "2018.11.25"]
[EventType "team-tourn"]
[EventCountry "TUR"]
[SourceTitle "playchess.com"]
[Source "ChessBase"]
[SourceQuality "1"]
[WhiteTeam "Germany"]
[BlackTeam "China"]
[WhiteTeamCountry "GER"]
[BlackTeamCountry "CHN"]

1. d4 Nf6 2. Nf3 g6 3. g3 Bg7 4. Bg2 O-O 5. O-O d6 6. c4 Nbd7 7. Nc3 e5 8. e4 c6 9. dxe5 dxe5 10. Qe2 Qe7 11. Rd1 Re8 12. h3 a6 13. Rb1 b5 14. b4 Nb6 15. cxb5 axb5 16. Be3 Nfd7 17. Nd2 Na4 18. Nxa4 Rxa4 19. Nb3 Rxb4 20. Rbc1 Qf6 21. Na5 Nb8 22. Qc2 Ra4 23. Qd2 Bf8 24. Bg5 Qe6 25. Nb3 Na6 26. Ra1 c5 27. Qd5 c4 28. Nc1 Qxd5 29. exd5 Bd6 30. Ne2 b4 31. g4 Nc5 32. Be3 Bd7 33. Ng3 Kg7 34. Bxc5 Bxc5 35. Ne4 Bd4 36. Rac1 c3 37. Rc2 Rea8 38. Rb1 Rxa2 39. Rxa2 Rxa2 40. Rxb4 c2 0-1

[Event "World Youth U-16 Olympiad 2018"]
[Site "Konya"]
[Date "2018.11.26"]
[Round "2"]
[White "Katopodis, Dimitrios"]
[Black "Chua, Jia-Tien"]
[Result "0-1"]
[WhiteElo "2310"]
[BlackElo "1741"]
[Annotator "TA"]
[PlyCount "80"]
[EventDate "2018.11.25"]
[EventType "team-tourn"]
[EventCountry "TUR"]
[SourceTitle "playchess.com"]
[Source "ChessBase"]
[SourceQuality "1"]
[WhiteTeam "Greece"]
[BlackTeam "Malaysia"]
[WhiteTeamCountry "GRE"]
[BlackTeamCountry "MAS"]

1. d4 d5 2. Nf3 Nf6 3. c4 c6 4. e3 Bf5 5. Nc3 e6 6. Nh4 Be4 7. f3 Bg6 8. Qb3 Qc7 9. g3 Nbd7 10. Be2 Be7 11. Nxg6 hxg6 12. f4 Ne4 13. Nxe4 dxe4 14. Bd2 f5 15. O-O-O Kf7 16. g4 Rh7 17. Rdg1 Rah8 18. Rg2 b6 19. g5 Bd6 20. Be1 c5 21. Qc3 cxd4 22. Qxd4 e5 23. Qd5+ Ke7 24. fxe5 Bxe5 25. Bb4+ Bd6 26. Bc3 Rxh2 27. Rgxh2 Rxh2 28. Rxh2 Bxh2 29. Qg8 Be5 30. Bb4+ Nc5 31. Qa8 Qd7 32. Ba3 Kf7 33. b4 Na4 34. c5 Nc3 35. Bc4+ Ke7 36. Bb3 Ne2+ 37. Kb1 Qd3+ 38. Bc2 Nc3+ 39. Kb2 Nb5+ 40. Kc1 Qxe3+ 0-1

[Event "World Youth U-16 Olympiad 2018"]
[Site "Konya"]
[Date "2018.11.26"]
[Round "2"]
[White "Travadon, Loic"]
[Black "Ozenir, Ekin Baris"]
[Result "1-0"]
[WhiteElo "2310"]
[BlackElo "2293"]
[Annotator "TA"]
[PlyCount "133"]
[EventDate "2018.11.25"]
[EventType "team-tourn"]
[EventCountry "TUR"]
[SourceTitle "playchess.com"]
[Source "ChessBase"]
[SourceQuality "1"]
[WhiteTeam "France"]
[BlackTeam "Turkey"]
[WhiteTeamCountry "FRA"]
[BlackTeamCountry "TUR"]

1. e4 Nc6 2. Nf3 d6 3. d4 Nf6 4. Nc3 g6 5. d5 Nb8 6. h3 Bg7 7. Bc4 O-O 8. O-O e5 9. dxe6 Bxe6 10. Bb3 Nc6 11. Re1 Bxb3 12. axb3 Re8 13. Bg5 h6 14. Bxf6 Bxf6 15. Qd2 Bg7 16. Rad1 Qd7 17. Nd5 Ne7 18. e5 Nxd5 19. Qxd5 Qf5 20. Nd4 Qh5 21. Qxb7 dxe5 22. Nc6 e4 23. Rd7 Bf8 24. Rxc7 Qf5 25. Ne7+ Bxe7 26. Rxe7 Rxe7 27. Qxe7 e3 28. Rxe3 Qxc2 29. Qb7 Qc1+ 30. Kh2 Qc8 31. Re7 Qxb7 32. Rxb7 a6 33. Rb6 h5 34. Kg3 Rd8 35. Kf3 Rd2 36. Rxa6 Rxb2 37. Rb6 Kg7 38. h4 Kf8 39. g3 Kg7 40. Ke3 Kf8 41. f3 Kg7 42. Kf4 Rb1 43. Rb7 Kf6 44. Rb5 Kg7 45. Rb6 Rb2 46. Rb7 Rb1 47. Rb4 Kf6 48. g4 hxg4 49. fxg4 Kg7 50. Ke5 Re1+ 51. Re4 Rb1 52. b4 Rb2 53. g5 Rb1 54. Kd5 f5 55. gxf6+ Kxf6 56. Rf4+ Ke7 57. Kc6 Rc1+ 58. Kb6 Kd7 59. b5 Rb1 60. Rg4 Rh1 61. Kb7 Rb1 62. b6 Rh1 63. Kb8 Rh2 64. b7 Rh1 65. Rxg6 Rxh4 66. Ka7 Ra4+ 67. Ra6 1-0

[Event "World Youth U-16 Olympiad 2018"]
[Site "Konya"]
[Date "2018.11.26"]
[Round "2"]
[White "Sahidi, Samir"]
[Black "Zarubitski, Viachaslau"]
[Result "1/2-1/2"]
[WhiteElo "2309"]
[BlackElo "2417"]
[Annotator "TA"]
[PlyCount "144"]
[EventDate "2018.11.25"]
[EventType "team-tourn"]
[EventCountry "TUR"]
[SourceTitle "playchess.com"]
[Source "ChessBase"]
[SourceQuality "1"]
[WhiteTeam "Slovakia"]
[BlackTeam "Belarus"]
[WhiteTeamCountry "SVK"]
[BlackTeamCountry "BLR"]

1. e4 e5 2. Nf3 Nf6 3. Nc3 Nc6 4. Bb5 Nd4 5. Bc4 d6 6. h3 c6 7. Nxd4 exd4 8. Ne2 Nxe4 9. d3 Qa5+ 10. Kf1 Nf6 11. Nxd4 Be7 12. Bb3 O-O 13. Bd2 Qd8 14. Qf3 d5 15. Nf5 Bxf5 16. Qxf5 Qd7 17. Qxd7 Nxd7 18. c3 Bd6 19. Be3 Rfe8 20. Bc2 Nc5 21. g3 a6 22. Kg2 Re7 23. a4 Rae8 24. Bxc5 Bxc5 25. d4 Bd6 26. Bd3 g6 27. Rhb1 Ra8 28. Rd1 Kg7 29. b4 Rc7 30. Rab1 Kf6 31. Be2 Kg7 32. Rd2 Be7 33. Rb3 Bf6 34. b5 axb5 35. axb5 Ra1 36. Bf3 Ra5 37. bxc6 bxc6 38. h4 h5 39. Rb8 c5 40. Bxd5 cxd4 41. c4 Ra3 42. Rb1 Rc3 43. Kf1 Ra7 44. Kg2 Rc7 45. Ra1 Be5 46. Re1 Bf6 47. Rb1 Ra3 48. Rdb2 Be5 49. Re2 Bd6 50. Reb2 Be5 51. Rd2 Rc3 52. Re1 Bf6 53. Rb1 Ra3 54. Rdb2 Be5 55. Re1 Bd6 56. Rd1 Bc5 57. Rdb1 Bd6 58. Rb3 Rxb3 59. Rxb3 Ra7 60. Rb7 Rxb7 61. Bxb7 d3 62. Bf3 Kf6 63. Be4 d2 64. Bc2 Ke5 65. Kf1 Kd4 66. Ke2 Bb4 67. Ba4 Kxc4 68. Be8 Kc3 69. Kd1 Bc5 70. Bxf7 Bxf2 71. Bxg6 Bxg3 72. Bxh5 Bxh4 1/2-1/2